000 00593cam a2200205 4500500
005 20260405003814.0
041 _afre
042 _adc
100 1 0 _aManzini, Frédéric
_eauthor
245 0 0 _aUn endroit inconvénient
260 _c2023.
500 _a20
690 _aAntoine d’Agata
690 _aBarbarie
690 _aGuerre
690 _aTémoignage
690 _aUkraine
786 0 _nPhilosophie magazine | 174 | 11 | 2023-11-01 | p. 71-71 | 1951-1787
856 4 1 _uhttps://shs.cairn.info/magazine-philosophie-magazine-2023-11-page-71?lang=fr&redirect-ssocas=7080
999 _c2070981
_d2070981